Environmental regulation and competitive advantage
Shranjeno v:
| Glavni avtor: | |
|---|---|
| Format: | Knjiga |
| Jezik: | Undetermined |
| Izdano: |
Northampton
Edward Elgar Publishing, Inc
2000
|
| Oznake: |
Označite
Brez oznak, prvi označite!
|
| Thư viện lưu trữ: | Trung tâm Học liệu Trường Đại học Cần Thơ |
|---|
| LEADER | 00446nam a2200157Ia 4500 | ||
|---|---|---|---|
| 001 | CTU_65952 | ||
| 008 | 210402s9999 xx 000 0 und d | ||
| 020 | |b 1609000 | ||
| 082 | |a 363.7288 | ||
| 082 | |b H674 | ||
| 100 | |a David Hitchens | ||
| 245 | 0 | |a Environmental regulation and competitive advantage | |
| 260 | |a Northampton | ||
| 260 | |b Edward Elgar Publishing, Inc | ||
| 260 | |c 2000 | ||
| 980 | |a Trung tâm Học liệu Trường Đại học Cần Thơ | ||